Представление документа в формате RUSMARC

ПолеНазваниеЗначение
  Тип записи a
  Библиографический уровень c
001 Контрольный номер RU/SLIB/B/208735339
005 Дата корректировки 20241022093941.1
010 Индекс ISBN __
a ISBN 5-267-00415-4
d Цена 164-60
101 Язык документа 1_
a Язык текста rus
c Язык оригинала eng
200 Заглавие и сведения об ответственности 0_
a Заглавие Хоббит, или Туда и Обратно ; Приключения Тома Бомбадила и другие истории
f Первые сведения об ответственности Д. Р. Р. Толкинн ; [пер. с англ.: М. Каменкович и др.]
b Общее обозначение материала Текст
210 Выходные данные 1_
a Место издания СПб.
c Издательство Азбука
d Дата издания 2000
215 Физическое описание __
a Объем 672 с.
327 Примечание о содержании 0_
a Примечание о содержании Приключения Тома Бомбадила и другие истории
330 Аннотация __
a Аннотация В книгу вошли произведения английского прозаика Толкиена Д. Р. Р., повествующие о приключениях хоббитов.
333 Примечание о целевом назначении __
a Примечание о целевом назначении 12+. Для детей старше 12 лет
517 Другие варианты заглавия 1_
a Другие варианты заглавия Приключения Тома Бомбадила и другие истории
606 Тематические рубрики __
a Основная рубрика Художественная литература
z Хронологическая подрубрика 20 в.
606 Тематические рубрики __
a Основная рубрика Литература Европы (произведения)
610 Ключевые слова 0_
a Ключевые слова хоббиты; тема приключений; английская литература; фэнтези; фэнтези; детская литература; повести; сказочные повести; сказки
686 Индексы других классификаций __
a Классификационный индекс 84(4Вел)-4; ст84(4Вел)-442
700 Автор _1
a Фамилия Толкин
b Имя Д. Р. Р.
p Наименование/ адрес организации Толкиен Д. Р. Р.
4 Код отношения 070
702 Вторичная интеллектуальная ответственность _1
a Фамилия Каменкович
b Имя М.
4 Код отношения Переводчик
4 Код отношения 730
702 Вторичная интеллектуальная ответственность _1
a Фамилия Кормильцева
b Имя И.
4 Код отношения Переводчик
4 Код отношения 730
702 Вторичная интеллектуальная ответственность _1
a Фамилия Кошелева
b Имя С.
4 Код отношения Переводчик
4 Код отношения 730
801 Источник записи _0
a Страна RU
b Организация Муниципальное бюджетное учреждение культуры "Централизованная библиотечная система" г. Сургут (Центральная городская библиотека им. А. С. Пушкина)
g Правила каталогизации КиК/Поспелова
801 Источник записи _1
a Страна RU
b Организация Муниципальное бюджетное учреждение культуры "Централизованная библиотечная система" г. Сургут (Центральная городская библиотека им. А. С. Пушкина)
g Правила каталогизации КиК/Поспелова
852 Данные о местонахождении __
j Шифр хранения 84(4Вел)-4
c Каталожный индекс 84(4Вел)-4
i Авторский знак Т 52
p Инвентарный номер 05070867; 03031944; 03031945; 03031946; 03031947; 03031948; 03031949
901 Тип документа 1_
t Тип документа x
903 Характеристики (МАРС) __
a Дата передачи 20050826; 20030225
969 Тип издания __
a Тип издания сборник
990 Данные о заказе (DOS) __
j Количество экземпляров (DOS) 1; 5
t N записи в КСУ для И/У (DOS) 200507; 200303